Quelle ville de Moselle ? - Statistiques

Statistiques générales
  • Ce quiz a été pris 40 fois
  • Le résultat moyen est 11 sur 20
Statistiques - réponses
Quelle commune de Moselle... Lettre Ville % Correct
... possède la plus belle gare et le plus ancien théâtre en activité de France ? M Metz
94%
... accueille les voitures de l'A31 avec son église Saint-Joseph de Beauregard ? T Thionville
92%
... a l'un des 5 parcs zoologiques les plus fréquentés de France portant son nom ? A Amnéville
86%
... forme avec Sarrebruck une agglomération d'1 million d'habitants ? F Forbach
83%
... est devenue célèbre sur Twitter (X) grâce à un mème en 2022 ? W Woippy
83%
... située dans les Vosges du Nord n'est pas une insulte en anglais ? B Bitche
69%
... est la seule ville de Lorraine à avoir une centrale nucléaire ? C Cattenom
64%
... est souvent associée à la commune précédente de par leur usine commune ? H Hayange
56%
... est la deuxième ville la plus peuplée de France commençant par Y ? Y Yutz
56%
... est une ville de longue tradition faïencière ? S Sarreguemines
53%
... fut mise en avant durant les élections présidentielles de 2012 avec son usine ? F Florange
47%
... où se trouve le château de Courcelles est la 3e plus peuplée du département ? M Montigny-lès-Metz
44%
... homonyme d'une île grecque abrite le parc animalier de Sainte-Croix ? R Rhodes
44%
... a possédé une aciérie détenue par Ascometal jusqu'en 2025 ? H Hagondange
42%
... située dans le Pays de Nied est connue pour ses macarons ? B Boulay-Moselle
39%
... n'a pas d'établissement médical mais le plus vieil arbre forestier de France ? (L) H L'Hôpital
39%
... a exploité le sel et possédé une forteresse, comme son nom l'indique ? C Château-Salins
28%
... a le nom d'une ville de Haute-Vienne où s'est déroulé un massacre en 1944 ? C Charly-Oradour
22%
... ayant vu naître Georges de la Tour fut prospère grâce au sel et à la vigne ? V Vic-sur-Seille
11%
... a vu naître le chant grégorien et possède un aqueduc du IIe siècle ? G Gorze
8%
Aucun quiz correspondant
Distribution des résultats
% des personnes avec chaque résultat
Percentile par nombre de réponses
Votre historique - résultats
Vous n’avez pas pris ce quiz